[Event "Mecklenburg VP-ch Youth"]
[Site "Malchow"]
[Date "2017.02.16"]
[Round "4.6"]
[White "Altenstein, Jonas"]
[Black "Elsken Sicard, Fabian"]
[Result "1-0"]
[WhiteElo "1460"]
[BlackElo "1304"]
[PlyCount "67"]
[EventDate "2017.02.08"]
[EventType "swiss"]
[EventRounds "7"]
[EventCountry "GER"]
[SourceTitle "EXT 2022"]
[Source "ChessBase"]
[SourceDate "2021.10.06"]
[SourceVersion "1"]
[SourceVersionDate "2021.10.06"]
[SourceQuality "1"]

1. e4 c5 2. c3 e6 3. d4 cxd4 4. cxd4 Be7 5. Nc3 a6 6. Nf3 d6 7. Bd3 Nf6 8. 0-0 0-0 9. Be3 b5 10. Ng5 e5 11. h3 Nd5 12. exd5 Bxg5 13. Qh5 h6 14. Bxg5 Qxg5 15. Qxg5 hxg5 16. dxe5 dxe5 17. Rac1 Bb7 18. Rfe1 f6 19. Bf5 Rd8 20. Be6+ Kf8 21. Red1 Ke7 22. Ne4 f5 23. Rc7+ Nd7 24. Nxg5 Bc8 25. Nf7 Rf8 26. Bxd7 Bxd7 27. Nxe5 Kd6 28. Rxd7+ Kxe5 29. Rxg7 Rad8 30. Re7+ Kf6 31. Re6+ Kf7 32. Rxa6 Rd7 33. Rb6 Rfd8 34. Rxb5 1-0

[Event "Mecklenburg VP-ch Youth"]
[Site "Malchow"]
[Date "2017.02.16"]
[Round "3.8"]
[White "Jaeschke, Jonathan"]
[Black "Altenstein, Jonas"]
[Result "0-1"]
[WhiteElo "1206"]
[BlackElo "1460"]
[PlyCount "98"]
[EventDate "2017.02.08"]
[EventType "swiss"]
[EventRounds "7"]
[EventCountry "GER"]
[SourceTitle "EXT 2022"]
[Source "ChessBase"]
[SourceDate "2021.10.06"]
[SourceVersion "1"]
[SourceVersionDate "2021.10.06"]
[SourceQuality "1"]

1. d4 d5 2. c4 e6 3. Nf3 Nf6 4. Bf4 Nbd7 5. Nc3 Bb4 6. Rc1 0-0 7. e3 Re8 8. cxd5 Nxd5 9. Bg3 N7f6 10. Bd3 Nxc3 11. bxc3 Bd6 12. Bh4 Be7 13. e4 Nh5 14. Bg3 Nxg3 15. hxg3 c5 16. e5 h6 17. Qe2 f6 18. exf6 Bxf6 19. Qe4 cxd4 20. cxd4 Qa5+ 21. Nd2 Qf5 22. Rc4 Qxe4+ 23. Bxe4 Rb8 24. Nb3 b6 25. Kd2 Bb7 26. Bxb7 Rxb7 27. Rhc1 Ree7 28. Kd3 Kf7 29. Nd2 g5 30. g4 Rbd7 31. Ne4 e5 32. Nxf6 Kxf6 33. Rc6+ Re6 34. Rxe6+ Kxe6 35. Rc6+ Rd6 36. Ke4 Rxc6 37. d5+ Kd6 38. dxc6 Kxc6 39. Kf5 b5 40. Kg6 b4 41. Kxh6 a5 42. Kxg5 a4 43. Kf6 b3 44. axb3 axb3 45. g5 b2 46. g6 b1Q 47. g7 Qb3 48. Ke7 Qg8 49. Kf6 Kd6 0-1

[Event "Mecklenburg VP-ch Youth"]
[Site "Malchow"]
[Date "2017.02.16"]
[Round "5.3"]
[White "Schulz, Daniel"]
[Black "Altenstein, Jonas"]
[Result "1/2-1/2"]
[WhiteElo "1819"]
[BlackElo "1460"]
[PlyCount "73"]
[EventDate "2017.02.08"]
[EventType "swiss"]
[EventRounds "7"]
[EventCountry "GER"]
[SourceTitle "EXT 2022"]
[Source "ChessBase"]
[SourceDate "2021.10.06"]
[SourceVersion "1"]
[SourceVersionDate "2021.10.06"]
[SourceQuality "1"]

1. e4 c5 2. c3 Nf6 3. e5 Nd5 4. d4 cxd4 5. cxd4 d6 6. Bc4 e6 7. Nf3 Be7 8. 0-0 0-0 9. Re1 Nc6 10. Nc3 Nxc3 11. bxc3 dxe5 12. Nxe5 Nxe5 13. Rxe5 Qc7 14. Qd3 Bf6 15. Rc5 Qd8 16. Bf4 Re8 17. Re1 b6 18. Rc7 Re7 19. Rxe7 Bxe7 20. Qe4 Bd7 21. d5 Qc8 22. dxe6 Bxe6 23. Bxe6 Qxe6 24. Qxe6 fxe6 25. Rxe6 Bf6 26. Rc6 Rd8 27. Kf1 Rd7 28. Ke2 Kf7 29. a4 g6 30. f3 Rb7 31. Kd3 Ke7 32. Kc4 Rd7 33. Kb5 Rd5+ 34. Kb4 Rd7 35. c4 Bd4 36. Kb5 Bc5 37. Bg5+ 1/2-1/2

[Event "Mecklenburg VP U14"]
[Site "Malchow"]
[Date "2016.02.02"]
[Round "7.2"]
[White "Altenstein, Jonas"]
[Black "Gazizov, Max"]
[Result "1-0"]
[WhiteElo "1444"]
[BlackElo "1418"]
[PlyCount "39"]
[EventDate "2016.02.02"]
[EventType "swiss"]
[EventRounds "7"]
[EventCountry "GER"]
[SourceTitle "EXT 2024"]
[Source "ChessBase"]
[SourceDate "2023.10.10"]
[SourceVersion "1"]
[SourceVersionDate "2023.10.10"]
[SourceQuality "1"]

1. e4 c5 2. c3 d6 3. d4 cxd4 4. cxd4 Nf6 5. Nc3 a6 6. Nf3 g6 7. h3 Bg7 8. Be3 0-0 9. Bd3 Nfd7 10. 0-0 e5 11. dxe5 dxe5 12. Qd2 Nb6 13. Rad1 Qd6 14. Bh6 Be6 15. Bxg7 Kxg7 16. Qe3 f6 17. Bc4 Nxc4 18. Rxd6 Nxe3 19. fxe3 Kf7 20. Ng5+ 1-0

[Event "Mecklenburg VP U14"]
[Site "Malchow"]
[Date "2016.02.02"]
[Round "1.3"]
[White "Altenstein, Jonas"]
[Black "Rosenhahn, Nico"]
[Result "1-0"]
[WhiteElo "1444"]
[BlackElo "1086"]
[PlyCount "71"]
[EventDate "2016.02.02"]
[EventType "swiss"]
[EventRounds "7"]
[EventCountry "GER"]
[SourceTitle "EXT 2024"]
[Source "ChessBase"]
[SourceDate "2023.10.10"]
[SourceVersion "1"]
[SourceVersionDate "2023.10.10"]
[SourceQuality "1"]

1. e4 e6 2. Nf3 d5 3. e5 c5 4. d4 Qb6 5. Nc3 a6 6. Rb1 Nc6 7. Be3 Nh6 8. Na4 Qb4+ 9. c3 Qa5 10. dxc5 Rb8 11. Bd3 Ng4 12. b4 Qc7 13. Bd4 Ngxe5 14. Nxe5 Nxe5 15. Be2 Bd7 16. Nb6 Bb5 17. Bxb5+ axb5 18. Qe2 f6 19. Qxb5+ Qc6 20. Qe2 Nc4 21. b5 Qc7 22. Nxd5 Qd7 23. Nxf6+ gxf6 24. Qxc4 e5 25. Be3 Rd8 26. 0-0 Qg7 27. Qe6+ Be7 28. c6 Rg8 29. g3 f5 30. c7 Rd6 31. c8Q+ Rd8 32. Qed7+ Kf7 33. Qxf5+ Ke8 34. Qxb7 Rf8 35. Qc6+ Rd7 36. Qcxd7# 1-0

[Event "Mecklenburg VP U14"]
[Site "Malchow"]
[Date "2016.02.02"]
[Round "2.2"]
[White "Puls, Luisa"]
[Black "Altenstein, Jonas"]
[Result "0-1"]
[WhiteElo "1246"]
[BlackElo "1444"]
[PlyCount "126"]
[EventDate "2016.02.02"]
[EventType "swiss"]
[EventRounds "7"]
[EventCountry "GER"]
[SourceTitle "EXT 2024"]
[Source "ChessBase"]
[SourceDate "2023.10.10"]
[SourceVersion "1"]
[SourceVersionDate "2023.10.10"]
[SourceQuality "1"]

1. e4 e5 2. Nf3 f5 3. d3 d6 4. Nc3 Nf6 5. Be2 Nc6 6. Bg5 h6 7. Bxf6 Qxf6 8. Qd2 Be6 9. 0-0-0 0-0-0 10. Kb1 g6 11. g3 Bg7 12. Ne1 Nd4 13. f4 exf4 14. gxf4 Rhe8 15. Nf3 Nxe2 16. Qxe2 fxe4 17. dxe4 Qxf4 18. Rhg1 Bf5 19. Nd2 Bxc3 20. bxc3 Bxe4 21. Nxe4 Rxe4 22. Qd3 Qf5 23. Rg2 Rde8 24. Rdg1 Re1+ 25. Rxe1 Rxe1+ 26. Kb2 Qxd3 27. cxd3 Kd7 28. h3 g5 29. Kc2 Rh1 30. Rg3 Rh2+ 31. Kb3 Kc6 32. a3 Kd5 33. Rf3 Ke6 34. d4 Re2 35. Kc4 c6 36. Rf1 d5+ 37. Kd3 Ra2 38. Rb1 b6 39. a4 Rh2 40. Re1+ Kf6 41. Re3 Ra2 42. Rf3+ Ke7 43. Re3+ Kd7 44. Rf3 Rxa4 45. Rf6 Ra1 46. Rxh6 Kc7 47. Rh5 Rg1 48. Rh7+ Kb8 49. Ke3 Rg3+ 50. Kd2 a5 51. h4 gxh4 52. Rxh4 Kb7 53. Rh7+ Ka6 54. Rc7 Kb5 55. Kc2 c5 56. dxc5 bxc5 57. Rd7 Kc4 58. Ra7 Rxc3+ 59. Kb2 Rb3+ 60. Kc2 Rb5 61. Kd2 d4 62. Kc2 Kb4 63. Kb2 c4 0-1

[Event "Mecklenburg VP-ch U14"]
[Site "Malchow"]
[Date "2015.02.01"]
[Round "3.4"]
[White "Altenstein, Jonas"]
[Black "Schumacher, Ole"]
[Result "0-1"]
[WhiteElo "1285"]
[BlackElo "1354"]
[PlyCount "54"]
[EventDate "2015.01.31"]
[EventType "swiss"]
[EventRounds "7"]
[EventCountry "GER"]
[SourceTitle "EXT 2022"]
[Source "ChessBase"]
[SourceDate "2021.10.06"]
[SourceVersion "1"]
[SourceVersionDate "2021.10.06"]
[SourceQuality "1"]

1. e4 c5 2. Nf3 d6 3. Nc3 Nf6 4. d4 cxd4 5. Nxd4 a6 6. Bd3 Nbd7 7. 0-0 e6 8. Re1 Be7 9. Nf3 Qc7 10. Bf4 e5 11. Be3 b5 12. a3 0-0 13. Qe2 Bb7 14. Rad1 Rac8 15. Rd2 Nb6 16. Bxb6 Qxb6 17. Qe3 Qc7 18. Qe2 Qd7 19. Nh4 g6 20. Qf3 Rb8 21. Qg3 Nh5 22. Qh3 Qxh3 23. gxh3 Bxh4 24. Kg2 Bg5 25. Rdd1 f5 26. f3 Bh4 27. Re3 Nf4+ 0-1

[Event "Mecklenburg VP-ch U14"]
[Site "Malchow"]
[Date "2015.02.01"]
[Round "2.2"]
[White "Schamber, Dennis"]
[Black "Altenstein, Jonas"]
[Result "1-0"]
[WhiteElo "1605"]
[BlackElo "1285"]
[PlyCount "63"]
[EventDate "2015.01.31"]
[EventType "swiss"]
[EventRounds "7"]
[EventCountry "GER"]
[SourceTitle "EXT 2022"]
[Source "ChessBase"]
[SourceDate "2021.10.06"]
[SourceVersion "1"]
[SourceVersionDate "2021.10.06"]
[SourceQuality "1"]

1. d4 d5 2. c4 e6 3. Nc3 Nc6 4. Bf4 Bb4 5. e3 Nf6 6. a3 Bxc3+ 7. bxc3 0-0 8. Nf3 Ne4 9. Qc2 Bd7 10. Bd3 f5 11. 0-0 Rc8 12. cxd5 exd5 13. c4 Be6 14. c5 Qe7 15. Ne5 Nxe5 16. Bxe5 Qd7 17. Rab1 c6 18. f3 Ng5 19. Qb2 Nf7 20. Qxb7 Nxe5 21. dxe5 Rfe8 22. Qxd7 Bxd7 23. Rb7 Be6 24. Rfb1 Ra8 25. f4 h6 26. Rc7 Rec8 27. Re7 Re8 28. Rbb7 g6 29. Rg7+ Kf8 30. Rxg6 Bf7 31. Rxh6 Kg7 32. Rf6 1-0

[Event "Mecklenburg VP-ch U12"]
[Site "Malchow"]
[Date "2014.02.03"]
[Round "4"]
[White "Altenstein, Jonas"]
[Black "Gazizov, Max"]
[Result "0-1"]
[WhiteElo "1282"]
[BlackElo "1246"]
[PlyCount "182"]
[EventDate "2014.02.01"]
[EventType "swiss"]
[EventRounds "7"]
[EventCountry "GER"]
[SourceTitle "EXT 2017"]
[Source "ChessBase"]
[SourceDate "2016.10.25"]
[SourceVersion "1"]
[SourceVersionDate "2016.10.25"]
[SourceQuality "1"]

1. e4 d6 2. Nf3 Nf6 3. Nc3 g6 4. Bc4 Bg7 5. d3 Nbd7 6. Bg5 0-0 7. Qd2 c6 8. h4 b5 9. Bb3 h5 10. Bh6 Ng4 11. Bxg7 Kxg7 12. Nh2 Nxh2 13. Rxh2 Ne5 14. d4 Ng4 15. Rh1 b4 16. Ne2 c5 17. f3 Nf6 18. Ng3 a5 19. a4 Qd7 20. Qe3 cxd4 21. Qxd4 Qa7 22. Qxa7 Rxa7 23. Kf2 Rd8 24. Rad1 e5 25. Rd2 Rad7 26. Rhd1 Bb7 27. Re2 Ba6 28. Re3 Kf8 29. Bd5 Rc7 30. Rd2 Rdc8 31. Bb3 Ne8 32. Re1 Bc4 33. Bxc4 Rxc4 34. Rc1 b3 35. c3 Rxa4 36. Rd5 Ra2 37. Rd2 Ke7 38. Ke3 Kd7 39. f4 exf4+ 40. Kxf4 Ke6 41. Ne2 a4 42. Nd4+ Kf6 43. Nb5 Rd8 44. c4 Ke6 45. c5 d5 46. exd5+ Rxd5 47. Re1+ Kd7 48. Rxd5+ Kc6 49. Rd2 Kxb5 50. Rxe8 Kxc5 51. Rc8+ Kb5 52. Rd7 Rxb2 53. Rb7+ Ka6 54. Rb4 Ka5 55. Rbb8 Ra2 56. Ra8+ Kb5 57. Rab8+ Ka5 58. Rc7 Ka6 59. Ke3 Rxg2 60. Ra8+ Kb5 61. Rb7+ Kc6 62. Rxf7 b2 63. Rb8 a3 64. Ra7 Rg3+ 65. Kf2 Rc3 66. Ra6+ Kc7 67. Rb4 Rc1 68. Ra7+ Kc6 69. Rab7 Rc2+ 70. Ke3 a2 71. R7b6+ Kc5 72. R4b5+ Kc4 73. Rb4+ Kd5 74. Rxg6 b1Q 75. Rd4+ Kc5 76. Rg5+ Kb6 77. Rxh5 a1Q 78. Rh6+ Rc6 79. Rxc6+ Kxc6 80. Rc4+ Kb5 81. Re4 Qxe4+ 82. Kxe4 Qa4+ 83. Kd5 Qxh4 84. Kd6 Qe4 85. Kc7 Qe6 86. Kd8 Qf7 87. Kc8 Qe7 88. Kb8 Qd7 89. Ka8 Kc6 90. Kb8 Qc7+ 91. Ka8 Qb7# 0-1

[Event "GER-chT North U16"]
[Site "Greifswald"]
[Date "2013.09.13"]
[Round "4.2"]
[White "Balasz, Kata"]
[Black "Altenstein, Jonas"]
[Result "1-0"]
[WhiteElo "1668"]
[BlackElo "1221"]
[PlyCount "87"]
[EventDate "2013.09.12"]
[EventType "team-swiss"]
[EventRounds "7"]
[EventCountry "GER"]
[SourceTitle "EXT 2014"]
[Source "ChessBase"]
[SourceDate "2013.11.20"]
[SourceVersion "1"]
[SourceVersionDate "2013.11.20"]
[SourceQuality "1"]
[WhiteTeam "Hagen"]
[BlackTeam "Greifswald"]
[WhiteTeamCountry "GER"]
[BlackTeamCountry "GER"]

1. d4 d5 2. c4 e6 3. Nc3 Nf6 4. Bg5 Nbd7 5. cxd5 exd5 6. Nxd5 Be7 7. Nxf6+ Nxf6 8. a3 Bf5 9. e3 0-0 10. Bxf6 Bxf6 11. Nf3 Re8 12. Bc4 Be4 13. 0-0 Rc8 14. Nd2 Qd7 15. Nxe4 Rxe4 16. Qf3 Qg4 17. Be2 Qe6 18. Bd3 Rh4 19. Bf5 Qe8 20. Bxc8 Qxc8 21. Rac1 Rh6 22. Rc3 Rg6 23. Rfc1 c6 24. R3c2 Be7 25. b4 a6 26. d5 Rh6 27. dxc6 Qc7 28. g3 bxc6 29. Rxc6 Rxc6 30. Qxc6 Qxc6 31. Rxc6 g6 32. Rxa6 Bf6 33. Rxf6 Kg7 34. Rc6 h5 35. b5 g5 36. b6 f6 37. b7 Kg6 38. b8Q h4 39. Qd8 hxg3 40. Qxf6+ Kh5 41. Kg2 gxh2 42. Qf7+ Kh4 43. Rh6+ Kg4 44. f3# 1-0

[Event "GER-chT North U16"]
[Site "Greifswald"]
[Date "2013.09.12"]
[Round "2.3"]
[White "Lemke, Berfin"]
[Black "Altenstein, Jonas"]
[Result "1-0"]
[WhiteElo "1695"]
[BlackElo "1221"]
[PlyCount "85"]
[EventDate "2013.09.12"]
[EventType "team-swiss"]
[EventRounds "7"]
[EventCountry "GER"]
[SourceTitle "EXT 2014"]
[Source "ChessBase"]
[SourceDate "2013.11.20"]
[SourceVersion "1"]
[SourceVersionDate "2013.11.20"]
[SourceQuality "1"]
[WhiteTeam "Hamburg Koenigsspringer"]
[BlackTeam "Greifswald"]
[WhiteTeamCountry "GER"]
[BlackTeamCountry "GER"]

1. e4 e5 2. Nf3 Nc6 3. Bc4 Bc5 4. d3 d6 5. c3 Bg4 6. Nbd2 Nf6 7. Bb3 Qe7 8. Nf1 0-0-0 9. Ne3 Be6 10. 0-0 h6 11. Nd5 Bxd5 12. Bxd5 Nxd5 13. exd5 Nb8 14. b4 Bb6 15. a4 a6 16. a5 Ba7 17. Qb3 Qd7 18. c4 Rde8 19. b5 Bc5 20. Rb1 b6 21. bxa6 Nxa6 22. axb6 Bxb6 23. d4 f6 24. Qa3 Kb7 25. c5 dxc5 26. dxc5 Nxc5 27. Qxc5 Kc8 28. Rxb6 e4 29. Nd4 Re5 30. Ra6 Qxd5 31. Qxd5 Rxd5 32. Ra8+ Kd7 33. Rxh8 Rxd4 34. Rh7 Ke6 35. Rxg7 c5 36. Be3 Rc4 37. Rc1 Ra4 38. Bxc5 f5 39. Rg6+ Ke5 40. Rd1 f4 41. Rxh6 Kf5 42. Rd5+ Kg4 43. h3# 1-0